| 000 | 01282cam a22003135a 4500 | ||
|---|---|---|---|
| 999 |
_c27303 _d27274 |
||
| 001 | 15102378 | ||
| 005 | 20190326101501.0 | ||
| 008 | 071204s2008 enk frb 001 0 eng d | ||
| 010 | _a 2007049634 | ||
| 020 | _a9780415441438 (hbk : alk. paper) | ||
| 020 | _a0415441439 (hbk : alk. paper) | ||
| 035 | _a(OCoLC)ocn182857140 | ||
| 035 | _a(OCoLC)182857140 | ||
| 040 |
_aDLC _beng _cDLC _dYDX _dBAKER _dBTCTA _dYDXCP _dBWK _dDLC _dEG-ScBUE |
||
| 082 | 0 | 4 |
_a070.43 _bINV _222 |
| 245 | 0 | 0 |
_aInvestigative journalism / _cHugo de Burgh ... [et al.]. |
| 250 | _a2nd ed. | ||
| 260 |
_aAbingdon, Oxon. ; _aNew York : _bRoutledge / Taylor and Francis, _c2008. |
||
| 300 |
_axi, 402 p. ; _c24 cm. |
||
| 504 | _aIncludes bibliographical references and index. | ||
| 520 | _aThis introduction to investigative journalism explains how investigative journalism should be understood within the framework of the mass media, how it relates to the legal system, the place of ethics, and the influence of technologies. | ||
| 650 | 7 |
_aInvestigative reporting. _2BUEsh |
|
| 651 | _2BUEsh | ||
| 653 |
_bCOMAME _cMarch2019 |
||
| 655 | _vReading book | ||
| 700 | 1 |
_aBurgh, Hugo de, _d1949- |
|
| 856 | 4 | 1 |
_3Table of contents only _uhttp://www.loc.gov/catdir/toc/ecip086/2007049634.html |
| 942 | _2ddc | ||